00656nam a22002057a 450000500170000001000130001702000230003003500130005303700160006604000120008208200160009424501460011026000320025627000600028830000240034850000300037265000110040265000110041370000260042420170124110048.0 aB-059348 c130.00a8126007958 aB-059348 bCen Lib/Ret aDPLbEN a792.62bUNN aUnnayi Varier'd nalacaritam :ctranslated by Sudha Gopalakrishna bwith performance manual besd on kalamadalam Krishna nair's stage version / aNew Delhi bSahitya academy bNew Delhi aRavindra bhavan 35, Ferozshah marg e110001 axv,258p. c21cm(Hb) aBibliographical glossary  aDance  aMusic  aGopalakrishna, Sudha